00959cam a22002294a 4500999001700000001000900017005001700026008004100043010001700084020002800101050002200129100003200151245011300183260006100296300003400357504006400391650003400455650005100489650005100540942001500591952012300606 c27845d278451236470420170211090918.0010330s2001 njua b 001 0 eng  a 2001019804 a0813529905 (alk. paper)00aNA5230.N5G74 20011 aGreenagel, Frank L.,d1939-14aThe New Jersey churchscape :bencountering eighteenth and nineteenth century churches /cFrank L. Greenagel. aNew Brunswick, N.J. :bRutgers University Press,cc2001. axiv, 248 p. :bill. ;c26 cm. aIncludes bibliographical references (p. 235-240) and index. 0aChurch buildingszNew Jersey. 0aChurch architecturezNew Jerseyy18th century. 0aChurch architecturezNew Jerseyy19th century. 2lcccBOOKS 00102lcc4070aMUCbMUCcTECHd2017-02-11eDonation(BFA)l0oNA5230.N5G74 2001p35712r2018-05-31w2017-02-11yBOOKS